| 000 | 004670000a22001810004500 | ||
|---|---|---|---|
| 003 | MACL | ||
| 005 | 20151230112101.0 | ||
| 008 | 151230b xxu||||| |||| 00| 0 eng d | ||
| 040 |
_aMACL _cMACL |
||
| 041 | _aEnglish | ||
| 082 | _a306.0854/PAT | ||
| 100 |
_aPatel, M L _923747 |
||
| 245 | _aChanging Land problems of Tirbal India | ||
| 260 |
_bProgress Publishers _c1974 _aBhopal |
||
| 350 | _a30 | ||
| 650 |
_aSocial Science _924528 |
||
| 942 |
_cBK _k306.085/PAT _2ddc |
||
| 999 |
_c36090 _d36090 |
||